| 000 | 00597nam a22002537a 4500 | ||
|---|---|---|---|
| 003 | UA-OsUOA | ||
| 001 | 24125 | ||
| 007 | ta | ||
| 008 | 20040209b un ||||| |||| 00| 0 ukr d | ||
| 100 | _aКовалев К.П. | ||
| 090 |
_a78:071 _bК56 |
||
| 942 | _cBK | ||
| 040 |
_aUA-OsUOA _brus _cUA-OsUOA _dUA-OsUOA |
||
| 245 | _aБортнянский | ||
| 300 |
_a302 с. _bІлюстрації |
||
| 955 | _a0 | ||
| 041 | _arus | ||
| 080 | _a78:071 | ||
| 020 | _a5-325-00681-Х | ||
| 260 |
_aМосква _bМол.гвардия _c1989 |
||
| 044 | _aRU | ||
| 650 | 7 | _2UDC | |
| 999 |
_c310390 _d310390 |
||